000 00632nam a2200217Ia 4500
003 GCL
008 140319s9999 xx 000 0 ara d
040 _aGCL /
_cGCL
082 0 4 _aق
_b330.962
_bك ف
100 1 _aكريمة كريم
245 1 0 _aالفقر وتوزيع الدخل فى مصر /
_cكريمة كريم
260 _a[S.N] :
_bمكتبة الشرق الاوسط ،
_c1994
300 _a102 ص
490 _a
650 0 4 _aمصر
650 0 4 _aالاقتصاد
650 0 4 _aالاحوال الاقتصادية
650 0 4 _aالتنمية الاقتصادية
650 0 4 _aالدخل
942 _2ddc
_cBK
999 _c36147
_d36147